La piedra de toque: la ciencia a prueba
Uloženo v:
| Hlavní autor: | |
|---|---|
| Médium: | Kniha |
| Jazyk: | španělština |
| Vydáno: |
Ciudad de México
Fondo de Cultura Económica
2004
|
| Edice: | Ciencia y Tecnología
|
| Témata: | |
| Tagy: |
Přidat tag
Žádné tagy, Buďte první, kdo vytvoří štítek k tomuto záznamu!
|
MARC
| LEADER | 00000nam a2200000 a 4500 | ||
|---|---|---|---|
| 001 | UCH5652 | ||
| 003 | CL-VaPUC | ||
| 008 | 091015e20040000MX |||||||||||||||||spa|d | ||
| 020 | |a 9789681673819 | ||
| 082 | 0 | 4 | |a 601 |b LEV |2 21 |
| 100 | |a Lévy-Leblond, Jean-Marc |e author |9 541958 | ||
| 245 | 1 | 3 | |a La piedra de toque: la ciencia a prueba |
| 300 | |a 257 p | ||
| 942 | |c BK | ||
| 945 | |d 20091015 00:00:00 |a rbrito | ||
| 260 | |a Ciudad de México |b Fondo de Cultura Económica |c 2004 | ||
| 650 | 0 | |a Filosofía de las ciencias |9 256466 | |
| 650 | 0 | |a Epistemología |9 264994 | |
| 650 | 0 | |a Física |9 227844 | |
| 650 | 0 | |a Ciencia |9 255691 | |
| 583 | |a last modification |c 20091015 00:00:00 |k Rodrigo Vera | ||
| 490 | 0 | |a Ciencia y Tecnología | |
| 999 | |c 336756 |d 336754 | ||
| 952 | |0 0 |1 0 |4 0 |6 601_000000000000000_LEV_2004 |7 0 |8 A |9 428677 |a BIBEDU |b BIBEDU |d 2019-11-22 |i 4608402 |o 601 LEV 2004 |p 4608402 |r 2019-11-22 |w 2019-11-22 |y BK |k FIL | ||